000 00647nam a2200253Ia 4500
003 OSt
005 20221007072804.0
006 a|||||r|||| 00| 0
007 ta
008 221006b |||||||| |||| 00| 0 eng d
024 _a41,692
037 _cTextual
040 _aFLL
_cFLL
_beng
041 _2eng
_aeng
082 _a4:(Z), Q3
100 _aBloy Duncan
_9691355
245 0 _aLaw and the media,
250 _a2nd
260 _aLondon
_bSweet And Maxwell
_c2013
300 _axxv,488p
_ccm.
700 _a Hadwin Sara
_9691356
942 _h4:(Z), Q3
_cTEXL
_2CC
999 _c1146968
_d1146968